Normal view
MARC view
Entry Personal Name
001 - CONTROL NUMBER
- control field: 52250
003 - CONTROL NUMBER IDENTIFIER
- control field: ARRUPE
005 - DATE AND TIME OF LATEST TRANSACTION
- control field: 20230322120013.0
008 - FIXED-LENGTH DATA ELEMENTS
- fixed length control field: 230322|| aca||aabn | a|a d
040 ## - CATALOGING SOURCE
- Original cataloging agency: ARRUPE
- Transcribing agency: ARRUPE
100 ## - HEADING--PERSONAL NAME
- Personal name: Lekachman,Robert
670 ## - SOURCE DATA FOUND
- Source citation: Work cat.: (ARRUPE)131698: Lekachman,Robert, Capitalism for beginners,, 1981.